00512nam a2200157Ia 4500008004100000041000800041082001200049100001400061245003800075250001400113260004400127300003100171365001100202999001500213952012600228240624s9999 xx 000 0 und d aeng a330 MIS aMISRA S K aECONOMIC ENVIRONEMENT OF BUSINESS a(5th ed.) c2008aMumbaibHimalaya Publishing House axix, : 641 : p. : cm. ; 28 cRSb25 c9540d9540 02104070aIMTNbIMTNcRack 4-Bd2008-09-02eHPHPLg390.00n32767o330 MISp9540r2024-06-24 00:00:00t1w2024-06-24yBK